MARC details
| 000 -LEADER |
| campo de control de longitud fija |
01571fam a2200325 a 4500 |
| 001 - NÚMERO DE CONTROL |
| campo de control |
1851959 |
| 005 - FECHA Y HORA DE LA ÚLTIMA TRANSACCIÓN |
| campo de control |
20220326193302.0 |
| 008 - DATOS DE LONGITUD FIJA--INFORMACIÓN GENERAL |
| campo de control de longitud fija |
960716s1995 ve a b 000 0 spa |
| 010 ## - NÚMERO DE CONTROL DE LA BIBLIOTECA DEL CONGRESO |
| Número de control de LC |
96169748 |
| 020 ## - NÚMERO INTERNACIONAL ESTÁNDAR DEL LIBRO |
| Número Internacional Estándar del Libro |
9802532703 |
| 035 ## - NÚMERO DE CONTROL DEL SISTEMA |
| Número de control de sistema |
(OCoLC)36110968 |
| 035 ## - NÚMERO DE CONTROL DEL SISTEMA |
| Número de control de sistema |
(OCoLC)ocm36110968 |
| 035 ## - NÚMERO DE CONTROL DEL SISTEMA |
| Número de control de sistema |
(NNC)1851959 |
| 040 ## - FUENTE DE CATALOGACIÓN |
| Centro catalogador/agencia de origen |
DLC |
| Centro/agencia transcriptor |
DLC |
| 043 ## - CÓDIGO DE ÁREA GEOGRÁFICA |
| Código de área geográfica |
s-ve--- |
| 082 ## - NÚMERO DE LA CLASIFICACIÓN DECIMAL DEWEY |
| Número de clasificación |
709.87 |
| Número de ítem |
R175a |
| 100 1# - ENTRADA PRINCIPAL--NOMBRE DE PERSONA |
| Nombre de persona |
Ramos, María Elena, |
| Fechas asociadas al nombre |
1947- |
| 9 (RLIN) |
1496 |
| 245 10 - MENCIÓN DEL TÍTULO |
| Título |
Acciones frente a la plaza : |
| Resto del título |
reseñas y documentos de siete eventos para una nueva lógica del arte venezolano / |
| Mención de responsabilidad, etc. |
María Elena Ramos. |
| 260 ## - PUBLICACIÓN, DISTRIBUCIÓN, ETC. |
| Lugar de publicación, distribución, etc. |
Caracas : |
| Nombre del editor, distribuidor, etc. |
Fundarte, |
| Fecha de publicación, distribución, etc. |
1995 |
| 300 ## - DESCRIPCIÓN FÍSICA |
| Extensión |
135 p. : |
| Otras características físicas |
ill. ; |
| Dimensiones |
22 cm. |
| 490 1# - MENCIÓN DE SERIE |
| Mención de serie |
Colección Urbe ; |
| Designación de volumen o secuencia |
no. 4 |
| 500 ## - NOTA GENERAL |
| Nota general |
A project of FUNDARTE. |
| 504 ## - NOTA DE BIBLIOGRAFÍA, ETC. |
| Nota de bibliografía, etc. |
Includes bibliographical references. |
| 505 ## - NOTA DE CONTENIDO CON FORMATO |
| Título |
Acciones Frente a la Plaza |
| Mención de responsabilidad |
Maria Elena Ramos, FUNDARTE |
| Título |
Siete Eventos para una nueva logica del arte Venezolano |
| Mención de responsabilidad |
Juan Calzadilla |
| Título |
Persona a Persona |
| Mención de responsabilidad |
Alfred Wenemoser |
| Título |
Accion Divisoria del Espacio |
| Mención de responsabilidad |
Yeni y Nan |
| Título |
Ceremonia con armas blancas |
| Mención de responsabilidad |
Carlos Zerpa |
| Título |
acerca de la poesía en acción |
| Mención de responsabilidad |
Diego Barboza |
| Título |
Hospitalizacion por calculo renal |
| Mención de responsabilidad |
Marco Antonio Ettedgui |
| Título |
¿y por que no? |
| Mención de responsabilidad |
Antonieta Sosa |
| Título |
Nubes para Colombia |
| Mención de responsabilidad |
Pedro Terán |
| Título |
La comunicación en las Artes Nuevas |
| Mención de responsabilidad |
Maria Elena Ramos |
| 650 #0 - PUNTO DE ACCESO ADICIONAL DE MATERIA--TÉRMINO DE MATERIA |
| Término de materia o nombre geográfico como elemento de entrada |
Performance art |
| Subdivisión geográfica |
Venezuela. |
| 9 (RLIN) |
1497 |
| 650 #0 - PUNTO DE ACCESO ADICIONAL DE MATERIA--TÉRMINO DE MATERIA |
| Término de materia o nombre geográfico como elemento de entrada |
Arts, Venezuelan |
| Subdivisión cronológica |
20th century. |
| 9 (RLIN) |
1498 |
| 710 2# - ENTRADA AGREGADA--NOMBRE DE ENTIDAD CORPORATIVA |
| Nombre de entidad corporativa o nombre de jurisdicción como elemento de entrada |
Fundación para la Cultura y las Artes del Distrito Federal. |
| 9 (RLIN) |
1499 |
| 830 #0 - PUNTO DE ACCESO ADICIONAL DE SERIE-TÍTULO UNIFORME |
| Título uniforme |
Colección Urbe ; |
| Designación de volumen o secuencia |
no. 4. |
| 9 (RLIN) |
1500 |